[Event "ESP-chT CECLUB Honor"]
[Site "Leon"]
[Date "2012.11.05"]
[Round "1.1"]
[White "Marin, Mihail"]
[Black "Alsina Leal, Daniel"]
[Result "1-0"]
[WhiteElo "2547"]
[BlackElo "2536"]
[Annotator "Marin,M"]
[PlyCount "111"]
[EventDate "2012.11.05"]
[EventType "team-tourn"]
[EventRounds "7"]
[EventCountry "ESP"]
[SourceTitle "CBM 152"]
[Source "ChessBase"]
[SourceDate "2013.01.15"]
[SourceVersion "1"]
[SourceVersionDate "2013.01.15"]
[SourceQuality "1"]
[WhiteTeam "Foment Martinenc"]
[BlackTeam "Barcelona Uga"]
[WhiteTeamCountry "ESP"]
[BlackTeamCountry "ESP"]

1. d4 Nf6 2. Nf3 c5 3. e3 {The drawing of lots for the Spanish Division de
Honor is always made about one week before the first round. This way, the
players can start their preparation in advance. However, this does not
necessarily exceed a mere taking of contact with the opponent's first round
opponent, as was the case with me and my opponent. While I was busy with some
articles until shortly before the tournament, Daniel had to travel back from
the Sankt Petersburg open, which had not gone too well for him. After the game,
He confessed that he was not surprised by my third move, but did not really
prepare against it, neither did I!} d5 ({I have a recent article (CBM 150) on
the following move order with several games of mine included:} 3... g6 4. dxc5
Qa5+ 5. Nbd2 Qxc5 6. a3 Bg7 7. b4 Qc7 8. Bb2 O-O 9. c4 d6 (9... a5 {Marin,M 
(2548)-Margvelashvili,G (2552) Benasque 2012 [Marin]}) 10. Be2 b6 (10... Nc6 {
Marin,M (2539)-Munoz Pantoja,M (2495) Catalunya 2012 [Marin] (1/2, 98)}) 11.
O-O Bb7 12. Rc1 Nbd7 13. Qb3 Rac8 (13... Ne4 {Marin,M (2539)-Bozinovic,B (2105)
Plovdiv 2012 CBM 148 [Marin] (1-0, 28)}) 14. Rfe1 {Marin,M (2539)-Vuckovic,B 
(2628) Plovdiv 2012 CBM 148 [Marin] (1/2, 40)}) 4. Nbd2 e6 $5 ({I also had
experience against:} 4... cxd4 5. exd4 Nc6 6. Bb5 {Marin,M (2534)-Halkias,S 
(2593) Porto Carras 2011 CBM 146 [Marin,M] (1/2, 50)}) 5. b3 {A flexible move,
keeping the possibility of choosing between the old-fashioned Zukertort Attack
by leaving the c-pawn on the initial square and the 4.e3 Queen's Indian, by
playing c2-c4 at some moment.} Nbd7 (5... Nc6 {is a more popular alternative.
I might have switched to a QI had Daniel played this way.}) 6. Bd3 Be7 7. Bb2
b6 8. Ne5 {Finally choosing the Zukertort Attack.} (8. O-O Bb7 9. c4 {leads to
apparently boring play, which is full of subtleties, though.}) 8... Bb7 9. f4 (
{An outstanding expert of this system preferred:} 9. O-O O-O ({Actually,} 9...
Qc7 {with the idea of preventing Qf3 is interesting here, too.}) 10. Qf3 {
, but failed to get an advantage.} cxd4 11. exd4 Nxe5 12. dxe5 Nd7 13. Qh3 h6
14. Rad1 Nc5 15. Be2 Qc7 16. Bd4 Rfd8 17. c3 Ne4 {1/2 Jussupow,A (2583)
-Kempinski,R (2596) Germany 2008}) 9... Qc7 $5 {Aimed at preventing the
attacking Qf3.} (9... O-O 10. Qf3 $5 Qc7 11. Qh3 $36) 10. O-O O-O 11. Qe2 {
With the f3-square unavailable, I considered this to be the most natural
developing move, keeping the possibility of an attack, but also that of
playing in the centre.} (11. Qf3 $2 c4 $17) ({An old game went} 11. c4 Ne4 12.
cxd5 exd5 13. Nxe4 dxe4 14. Bc4 Nf6 15. Qe2 (15. Rc1 $5) 15... Rad8 (15... Bd5
$5) 16. Rad1 (16. Rac1 $5) 16... Bd5 17. Bxd5 (17. Bb5 $5) 17... Rxd5 18. g4
Rfd8 19. g5 (19. Qg2 $5) 19... Ne8 20. Qc2 Qb7 $2 (20... Nd6) 21. Qxe4 $16 {
Rabinovich,I-Makogonov,V Tbilisi 1937 (1/2, 26)}) 11... Ne4 {The most active
move, which creates some pawn weaknesses.} ({In the event of neutral play, I
considered preparing c2-c4, with some sort of QI/Zukertort hybrid} 11... Rac8
12. Rac1 $5 Rfd8 13. c4 $14 {ףc7, /\f4-f5}) 12. Nxe4 dxe4 13. Bc4 Nxe5 ({
Another possible move order is} 13... Rad8 {since} 14. Nxd7 {is not dangerous}
(14. f5 $1 Nxe5 15. dxe5 {would tranpose to the game.}) 14... Qxd7 (14... Rxd7
15. f5 $40) 15. Rad1 Qc8 $11) 14. dxe5 $5 {/\f5->. I felt in an attacking mood.
} ({Strategically,} 14. fxe5 $14 {may be more promising.}) 14... Rad8 (14...
Bd5 $2 15. Bxd5 exd5 16. f5 $40) (14... g6 15. g4 $40) 15. f5 exf5 16. Rxf5 {
After this natural move, Black should be able to maintain approximate equality,
although there are all kind of hidden dangers on the way.} ({I do not remember
why I refrained from the tempting} 16. e6 $5 f6 (16... Bd5 17. Rxf5 Bxe6 18.
Qg4 $1 $16) 17. Rxf5 $40 {/\Qg4, Rh5, Raf1} Bc6 18. a4 {ץc4}) 16... g6 (16...
Bd5 17. Bxd5 Rxd5 18. Qg4 g6 19. Qxe4 $14) 17. Rf4 Bg5 18. Rg4 {Quite active,
but in certain cases the rook may remain out of play.} ({The exchange sacrifice
} 18. e6 {does not offer more than a draw:} Bxf4 (18... Bd5 19. exf7+ Rxf7 20.
Rxf7 Qxf7 21. Bb5 $5 $14 {leaves Black's pieces somewhat misplaced and the
king vulnerable.}) 19. exf7+ Rxf7 20. Bxf7+ Qxf7 21. exf4 Qxf4 22. Qc4+ Qf7 23.
Qc3 Rd4 $11 {White can repeat moves by attacking the rook with any reasonable
queen move and then returning to c3, but not more than that.}) 18... Qe7 (18...
Bh6 $5 {is an attempt to turn the white attack into a boomerang:} 19. e6 Bd5
20. exf7+ Qxf7 21. Rxe4 b5 22. Bxd5 Qxd5 $44 {With the rook unstable in the
centre, White does not really enjoys his extra pawn.}) 19. e6 f6 (19... Bd5 $1
{would have been a better way to neutralise White's initiative.}) 20. Rf1 {
Finally completing the development and creating some threats around the
f6-square.} b5 $1 {An important defensive resource. The e6-pawn has to be
eliminated.} (20... h5 $2 21. h4 $1 hxg4 22. hxg5 fxg5 23. Rxf8+ Rxf8 24. Qxg4
$18) 21. h4 (21. Rxg5 $5 {does not seem to be enough:} bxc4 (21... fxg5 22.
Rxf8+ Rxf8 23. Bxb5 $44) 22. Qxc4 (22. Rg4 Qxe6 23. Rgf4 c3 $1 24. Bxc3 Ba6)
22... Ba6 $1 (22... fxg5 23. Qc3 $40) 23. Qxa6 fxg5 24. Qc4 Rxf1+ 25. Kxf1 Rd6
26. Qc3 Rxe6 27. Qh8+ Kf7 28. Qxh7+ Ke8 $15 {The king has escaped and White is
not better for sure.}) 21... bxc4 $6 (21... Bxe3+ 22. Qxe3 bxc4 23. h5 $40) (
21... Bh6 $1 22. Bxb5 ({During the game I relied on} 22. Bxf6 Rxf6 23. Rxf6
Qxf6 24. e7+ {probably failing to notice that the discovered check can be
parried by capturing the bishop!} bxc4 25. exd8=Q+ Qxd8 26. Qxc4+ Kh8 $17)
22... Qxe6 23. h5 $5 (23. Rg3 $1 {, maintaining the tension, may be more
promising.}) 23... Bxe3+ 24. Kh1 $44 {Black's position looks more dangerous
than it really is. Once again, White's initiative is good only for reaching a
drawn ending.} g5 25. Rxf6 Rxf6 26. Bc4 Bd5 27. Bxf6 Bxc4 28. Qxc4 Qxc4 29.
bxc4 Rd1+ 30. Kh2 Bf4+ 31. g3 Kf7 $11) 22. hxg5 $40 fxg5 (22... f5 23. Qxc4 $5
$40 fxg4 $2 24. Rxf8+ Kxf8 (24... Rxf8 25. Qc3 $18) 25. Bf6 $18) 23. Rxf8+ $6 (
23. Qxc4 $1 Rxf1+ 24. Kxf1 $40) 23... Rxf8 $6 (23... Kxf8 $8) 24. Qxc4 $18 {
/\Qc3} h6 {Daniel had put all his hopes in this move. He thought that my rook
would remain out of play, failing to notice a nice tactical resource.} 25. Qc3
Kh7 26. Qe5 {The point is that Rxg5! cannot be parried.} Rg8 27. Rxg5 $1 {
The rest is relatively simple, although some accuracy is neded still.} Bc8 (
27... Qxg5 28. Qc7+) (27... hxg5 28. Qh2#) 28. Qxc5 Re8 29. Re5 Qxc5 (29...
Bxe6 30. Qd4 $18) 30. Rxc5 g5 31. Rc7+ Kg6 32. g4 {/\Rg7#} h5 33. gxh5+ Kxh5
34. e7 a6 35. Bg7 Kg6 36. Bf8 Kf7 37. Rc6 Bg4 38. Rxa6 (38. Rd6 $5 $18 {
/\Rd8, צe8}) 38... Rc8 39. Rd6 Rc7 40. c4 Bd7 41. Kf2 Be8 42. Kg3 Ra7 43. Rd2
Bd7 44. a4 Be8 45. Rf2+ Kg6 46. Ra2 Rb7 (46... Ra5 47. b4 Rxa4 48. Rxa4 Bxa4
49. b5 Kf7 50. Kg4 $18 {ץa4} Ke8 51. Kxg5 Kd7 (51... Bb3 52. b6) 52. Kf6 Ke8
53. Bh6 $22 Bb3 54. b6) 47. a5 Rxb3 48. a6 Rb8 (48... Rxe3+ 49. Kg2 Bc6 50. a7
$18) 49. a7 Ra8 50. Ra6+ Kf7 51. Kg4 Bd7+ 52. Kxg5 Bc8 53. Rf6+ Ke8 54. Rd6 Bd7
(54... Bb7 55. c5 $18) 55. c5 Ba4 (55... Rxa7 56. c6 $18) 56. Rd8+ 1-0

[Event "GBR-ch 97th"]
[Site "Canterbury"]
[Date "2010.07.30"]
[Round "5"]
[White "Slavin, Alexei"]
[Black "Adams, Michael"]
[Result "0-1"]
[WhiteElo "2417"]
[BlackElo "2706"]
[Annotator "Martin,A"]
[PlyCount "52"]
[EventDate "2010.07.26"]
[EventType "swiss"]
[EventRounds "11"]
[EventCountry "ENG"]
[SourceTitle "CBM 137 Extra"]
[Source "ChessBase"]
[SourceDate "2010.09.01"]
[SourceVersion "1"]
[SourceVersionDate "2010.09.01"]
[SourceQuality "1"]

1. d4 Nf6 2. Nf3 e6 3. e3 b6 4. Bd3 Bb7 5. O-O d5 6. Ne5 $5 {A move of which
Sultan Khan would have been proud. Moreover Slavin has recent experience with
6.Ne5 from both sides of the board! However, the normal 6.Nbd2 or 6.b3 are
both superior.} Bd6 7. f4 (7. b3 O-O 8. Bb2 Nbd7 9. Nd2 Ne4 10. f4 {is about
the best White can hope for, but one cannot help but form the impression that
Ne5 has been played too early.} Nxd2 11. Qxd2 f6 $11 12. Nf3 Qe7 13. c4 c5 14.
cxd5 exd5 15. Nh4 Rfe8 16. Rf3 Qf7 17. Rg3 Bf8 18. Qc2 Re4 19. Bxe4 dxe4 20.
Nf5 Qe6 21. Nh6+ Kh8 22. d5 Bxd5 23. f5 Qc6 24. Rd1 b5 25. Qd2 Nb6 26. Qxd5
Nxd5 27. Nf7+ Kg8 28. Nh6+ {1/2-1/2 Rahman,Z (2548)-Venkatesh,M (2432)/Chennai
2010/CB05_2010}) 7... O-O 8. Nd2 c5 (8... Ne4 9. Nxe4 dxe4 10. Be2 Nd7 11. b3
Qe7 12. a4 Rad8 13. Nc4 Bb4 14. Bb2 Qh4 15. c3 Be7 16. Qe1 Qxe1 17. Rfxe1 a5
18. Ba3 Bxa3 19. Rxa3 Nf6 20. b4 Ra8 21. b5 Nd5 22. Kf2 f6 23. Nd2 e5 24. g3 g5
25. f5 Rfe8 26. Bc4 Kg7 27. Bxd5 Bxd5 28. c4 Bb7 29. d5 Bc8 30. g4 h5 31. h3
Rh8 32. Nxe4 hxg4 33. hxg4 Rh2+ 34. Kf3 Rc2 35. Rc3 Ra2 36. c5 Rxa4 37. cxb6
Bxf5 38. Rxc7+ Kg6 39. gxf5+ Kxf5 40. Nd6+ Kg6 41. Rc8 e4+ 42. Kg3 Rxc8 43.
Nxc8 Rb4 44. Nd6 {1-0 Tymrakiewicz,R (2273)-Slavin,A (2368)/Uxbridge 2010/
CB08_2010}) 9. b3 b5 $5 {Unstereotyped and an effort by Adams to unbalence a
very stable situation.} (9... Nc6 10. Bb2 Rc8 11. a3 Ne7 12. Qe2 Ne4 13. c4 f6
14. Nef3 Qc7 15. Rac1 Qb8 16. dxc5 Nxc5 17. Bb1 dxc4 18. Nxc4 Bd5 19. Nxd6 Qxd6
20. e4 Bxb3 21. e5 Qd7 22. exf6 gxf6 23. Ne5 fxe5 24. Qxe5 Ng6 25. Qe3 Bd5 26.
Rcd1 Rf7 27. h4 Rcf8 28. g3 Rg7 29. Kh2 Nxh4 30. Bxg7 Qxg7 31. Rxd5 exd5 32.
gxh4 d4 33. Qf3 Kh8 34. Rf2 Qh6 35. Kh3 Re8 36. Qg4 Rg8 37. Qf5 Qg7 38. Qg5
Qd7+ 39. Qf5 Qg7 40. Qe5 d3 41. Qxg7+ Kxg7 42. Rd2 Kf6 43. Rd1 Ne4 44. Rf1 Nd2
45. Rd1 Nxb1 46. Rxb1 Kf5 47. Rb4 Rd8 {0-1 Slavin,A (2368)-Gasanov,E (2514)/
Rijeka 2010/CB10_2010}) 10. c3 (10. Bxb5 {may be possible:} cxd4 11. Ndf3 $1
dxe3 12. Bxe3 {but of course Black is fine after} Ne4) 10... b4 11. cxb4 cxd4
12. exd4 Bxb4 13. Bb2 Nc6 $15 {The position is a little better for Black
thanks to the pawn structure, but White should be able to hold it all together.
It's important that Slavin finds some counterplay quickly and this he tries to
do via Ndf3 and Ng5.} 14. Qe2 Qb6 15. Ndf3 Bd6 16. a3 a5 (16... Qxb3 17. Rab1
Qb6 18. Ba1 Qc7 19. Rfc1 {gives White too much.}) 17. Rac1 Bxe5 {Unexpected,
when Black could put either of his rooks on c8. Slavin seems quite taken aback
by this unusual move and the quality of his play heads downhill from here.} 18.
fxe5 Ne4 19. Bxe4 dxe4 20. Ng5 $4 ({It is baffling why he did not choose the
obvious} 20. Qxe4 {Black has clear counterplay after} Ne7 $1 {but this
variation will lead to a playable position for White:} 21. Qb1 $1 (21. Qe1 Qxb3
22. Qc3 Qxc3 23. Bxc3 Nf5 $15) 21... Rac8 22. b4 (22. Rxc8 Rxc8 23. Nd2 Nf5 24.
Rf4 Ne3 $17) 22... axb4 23. axb4 Qxb4 24. Bc3 Qxb1 25. Rxb1 Be4 26. Rbc1) 20...
Nxd4 $17 21. Bxd4 Qxd4+ 22. Kh1 h6 ({Or} 22... Qxe5 23. Qe3 Bd5 24. Rc5 f5 $19)
23. Nxf7 Rxf7 24. Rxf7 Kxf7 25. Rc7+ Kg8 26. Rxb7 Qa1+ 0-1

[Event "RUS-ch"]
[Site "Elista"]
[Date "1994.??.??"]
[Round "7"]
[White "Rashkovsky, Nukhim N"]
[Black "Aseev, Konstantin N"]
[Result "1-0"]
[WhiteElo "2510"]
[BlackElo "2540"]
[Annotator "Moiseev,V"]
[PlyCount "73"]
[EventDate "1994.09.??"]
[EventType "swiss"]
[EventRounds "11"]
[EventCountry "RUS"]
[SourceTitle "CBM 044"]
[Source "ChessBase"]
[SourceDate "1995.02.01"]
[SourceVersion "1"]
[SourceVersionDate "1995.02.01"]
[SourceQuality "1"]

1. d4 {Ftacnik} Nf6 2. Nf3 e6 3. e3 b6 4. Bd3 Bb7 5. O-O d5 6. b3 Nbd7 (6...
Bd6 7. Bb2 O-O 8. c4 Nbd7 9. Nc3 a6 10. Rc1 $13 {Malaniuk,V-Hjartarson,J/
Tilburg/1993/1:0/39/}) 7. Bb2 Bd6 8. Ne5 (8. c4 $5) 8... O-O 9. Nd2 Ne4 (9...
Qe7 $5 {/\ 10...Ba3} 10. a3 c5 $13) 10. f3 (10. c4 $6 Nxd2 11. Qxd2 Bxe5 12.
dxe5 Nc5 $10) 10... Nxd2 11. Qxd2 c5 (11... Nxe5 {Ftacnik} 12. dxe5 Be7 13. Qe2
c5 14. c4 $14) 12. Rad1 f6 (12... cxd4 {Ftacnik} 13. exd4 Nxe5 14. dxe5 Bc5+
15. Kh1 Qe7 16. f4 $1 $40) 13. Nxd7 Qxd7 14. c4 Qc7 15. h3 (15. f4 {Ftacnik} f5
$13) 15... Rad8 (15... Rae8 $5) 16. Qc2 g6 17. cxd5 exd5 (17... Bxd5 {Ftacnik}
18. Ba3 Rc8 19. dxc5 Bxc5 20. Bxc5 Qxc5 21. Qxc5 Rxc5 22. e4 Bc6 23. Bc4 $14)
18. dxc5 bxc5 19. e4 $1 d4 (19... dxe4 {Ftacnik} 20. Bxe4 $16) 20. Bc1 Bc8 $6 (
20... g5 $5 {Ftacnik} 21. Bd2 Bc8 22. Rc1 $14 {xc5}) 21. f4 $14 Kg7 22. Qf2 Be6
23. Qh4 Rf7 $2 (23... f5 $5) (23... Kg8 {Ftacnik} 24. f5 gxf5 25. exf5 Bd5 26.
Bh6 Rf7 27. Rde1 $36) 24. e5 $1 $16 Bf8 $6 (24... Be7 $6 25. f5 gxf5 (25...
Bxf5 26. Bxf5 gxf5 27. e6 Rff8 28. Bh6+ $18) 26. Bxf5 (26. Rxf5 $2 Bxf5 27.
Bxf5 Kh8 $17) 26... Bxf5 27. Rxf5 Qc6 (27... fxe5 28. Bh6+ Kh8 29. Rxf7 $18)
28. Rdf1 $18) (24... fxe5 $5 25. fxe5 Bxe5 26. Bxg6 $1 (26. Qh6+ $6 Kh8 27.
Bxg6 Rxf1+ 28. Rxf1 Qg7) 26... Rxf1+ (26... hxg6 27. Qh6+ Kg8 28. Qxg6+ $18 (
28. Qxg6+ {Ftacnik} Bg7 29. Qxe6 $16)) 27. Rxf1 Bg8 $8 (27... Kh8 28. Bxh7 $18)
28. Qh6+ (28. Bg5 $5 Rd6 29. Bd3 $16) 28... Kh8 29. Rf7 Qxf7 30. Bxf7 Bxf7 31.
Bg5 $16) 25. f5 gxf5 26. Bxf5 Bxf5 27. Rxf5 Re8 (27... fxe5 $2 28. Qg5+ Kh8 29.
Rxf7 Qxf7 30. Qxd8 $18) 28. exf6+ Kh8 29. Rdf1 $18 a5 30. Bf4 Qd7 31. Rg5 a4 (
31... Rxf6 {Ftacnik} 32. Be5 Rxe5 33. Rxf6 $18) 32. Rf3 axb3 33. axb3 Rxf6 (
33... d3 34. Rfg3 Bd6 35. Rg7 $18) 34. Be5 Rxe5 35. Rxf6 Rxg5 36. Qxg5 (36.
Rxf8+ $2 {Ftacnik} Rg8 37. Qf6+ Qg7) 36... Be7 37. Rf7 $138 1-0

[Event "FRA-ch 58 Championnat"]
[Site "Belfort"]
[Date "1983.08.26"]
[Round "13"]
[White "Seret, Jean Luc"]
[Black "Preissmann, Emmanuel"]
[Result "1-0"]
[WhiteElo "2375"]
[BlackElo "2360"]
[Annotator "Primel,D"]
[PlyCount "53"]
[EventDate "1983.08.12"]
[EventType "tourn"]
[EventRounds "15"]
[EventCountry "FRA"]
[EventCategory "2"]
[SourceTitle "EXT 2016"]
[Source "ChessBase"]
[SourceDate "2015.10.08"]
[SourceVersion "1"]
[SourceVersionDate "2015.10.08"]
[SourceQuality "1"]
[TimeControl "40/5400+30:1800+30"]

1. Nf3 d5 2. b3 Nf6 3. Bb2 e6 4. e3 Be7 5. d4 O-O 6. Bd3 b6 7. O-O Ba6 (7...
Bb7 {La grande ligne}) (7... c5) 8. Bxa6 Nxa6 9. Ne5 {[%csl Rc6]} Nb8 10. c4
Nfd7 11. Nd3 c6 12. Nc3 f5 $6 {[%csl Re6] Accentue le retard de développement
et c'est un sérieux affaiblissement} 13. Nf4 $1 {[%csl Rd5,Re6]} Rf6 14. Qf3
$1 $36 {[%cal Gc4d5,Gf3a8]} Na6 (14... g5 15. cxd5 $1 gxf4 16. dxc6 $40) (14...
dxc4 15. d5) 15. Rac1 (15. cxd5 cxd5 16. Rac1 Rc8 17. Nb5 Rxc1 18. Rxc1 Qa8 19.
Nc7 Nxc7 20. Rxc7 $16) 15... Nc7 16. Rc2 Rh6 17. cxd5 cxd5 18. Nb1 $5 (18. Rfc1
) 18... Bd6 19. Ba3 Nb5 20. Bxd6 Nxd6 21. Rfc1 $16 Nf8 (21... Rc8 22. Rxc8 Nxc8
23. Nxd5 $1 {Exploitant la mauvaise coordination des pièces Noires} exd5 24.
Qxd5+ Kh8 25. Qa8 $18 {[%csl Rh6]}) 22. Nd2 Rc8 23. Rxc8 Nxc8 24. Qe2 Nd6 25.
Qa6 (25. Nd3 {[%cal Gd3e5]}) 25... Qb8 (25... Qh4 26. Nf3) (25... g5 26. Nd3 g4
27. Nf4 Qh4 28. Nf1 Qe7 {[%cal Ge7a7]} 29. Nd3 $16) 26. Nf3 g5 $2 $138 27. Nxg5
1-0

[Event "Syre Memorial op 36th"]
[Site "Issy les Moulineaux"]
[Date "2013.05.12"]
[Round "6"]
[White "Cotonnec, Melkior"]
[Black "Lamorelle, Julien"]
[Result "1-0"]
[WhiteElo "2415"]
[BlackElo "2304"]
[Annotator "RR"]
[PlyCount "49"]
[EventDate "2013.05.08"]
[EventType "swiss"]
[EventRounds "7"]
[EventCountry "FRA"]
[SourceTitle "EXT 2015"]
[Source "ChessBase"]
[SourceDate "2014.11.20"]
[SourceVersion "1"]
[SourceVersionDate "2014.11.20"]
[SourceQuality "1"]
[TimeControl "40/5400+30:1200+30"]

1. d4 d5 2. Nf3 Nf6 3. e3 c5 4. c3 e6 5. Nbd2 Nc6 6. Bd3 Bd6 7. O-O O-O 8. Re1
{Imprécis} (8. dxc5 $142 {[%cal Ge3e4] Une précaution utile avant de pousser
e4} Bxc5 9. e4) 8... e5 9. e4 dxe4 $6 (9... cxd4 $142 $1 10. exd5 (10. cxd4
dxe4 11. Nxe4 Nxe4 12. Bxe4 Nxd4 $11) 10... Nxd5 11. Nc4 h6 12. Nfxe5 Nxe5 13.
Nxe5 dxc3 14. Qf3 Nb4 15. Bc4 Be6 16. Bxe6 fxe6 17. Qxc3 Rc8 18. Qb3 Bxe5 19.
Qxb4 Bd4 20. Be3 Bxe3 21. Rxe3 Rc2 22. Rf1 Qd5 23. a3 Rf7 24. Qe1 {Berg,K 
(2440)-De Firmian,N (2580) Gausdal 1994 0-1 (43)}) 10. Nxe4 {73} Nxe4 {58} 11.
Rxe4 f5 $146 (11... cxd4 12. cxd4 Bf5 13. Re1 Bxd3 14. Qxd3 exd4 15. Ng5 g6 16.
Qh3 h5 17. Ne4 Re8 18. Bg5 Be7 19. f4 Kg7 20. Rad1 Bxg5 21. fxg5 Qd5 22. Qf3
Re6 23. Kf2 Ne5 24. Qf4 Ng4+ 25. Kg3 Qxa2 26. Rxd4 {Janoszka,A (2317)-Malek,D 
(2292) Germany 2008 1/2-1/2 (48)}) 12. Bc4+ (12. Bg5) 12... Kh8 13. Rh4 (13.
Ng5) 13... Qe8 $2 (13... Be7 $142 $8 {[%csl Gg5,Rh4][%cal Ge7h4,Ge7g5]} 14. Rh5
g6 15. Ng5 gxh5 16. Nxh7 $1 Kxh7 (16... Qe8 {Les Noirs ont peut-être oublié
ce coup de défense dans leurs calculs lorsqu'ils ont décidé de ne pas jouer
la coup naturel Be7}) 17. Qxh5+ Kg7 18. Bh6+) 14. Ng5 $36 h6 15. Nf7+ $1 {20}
Rxf7 {19} 16. Bxh6 $1 $40 g6 $2 (16... gxh6 $8 17. Qh5 {[%cal Gh5h6,Gh5e8]} Qf8
18. Bxf7 {[%csl Rh6]} Nd8 19. Bd5 Kh7 20. dxe5 Be7 (20... Bxe5 21. Re1) 21. Rh3
{La position Noire reste encore jouable}) 17. Bf8+ (17. Qd3 $142 {[%cal Gd3h3,
Gh3h8]}) 17... Rh7 18. Rxh7+ Kxh7 19. Bxd6 $18 Na5 20. Bf1 exd4 21. cxd4 cxd4
22. Qxd4 Bd7 23. Bc5 g5 24. Qd2 Kg6 25. Re1 1-0

[Event "Cappelle op 31st"]
[Site "Cappelle la Grande"]
[Date "2015.03.04"]
[Round "6"]
[White "Kovalenko, Igor"]
[Black "Vazquez Igarza, Renier"]
[Result "1-0"]
[WhiteElo "2656"]
[BlackElo "2592"]
[Annotator "RR"]
[PlyCount "111"]
[EventDate "2015.02.28"]
[EventType "swiss"]
[EventRounds "9"]
[EventCountry "FRA"]
[SourceTitle "EXT 2016"]
[Source "ChessBase"]
[SourceDate "2015.10.08"]
[SourceVersion "1"]
[SourceVersionDate "2015.10.08"]
[SourceQuality "1"]

1. d4 Nf6 2. Nf3 e6 3. e3 {Rarement joué à haut niveau} d5 4. Bd3 c5 5. O-O
Nc6 6. b3 Bd6 7. Bb2 O-O 8. Nbd2 Qe7 (8... Qc7 {[%cal Ge6e5] Plus souple} 9. a3
e5 $132) 9. Ne5 cxd4 10. exd4 Ba3 $1 11. Qc1 Bxb2 12. Qxb2 Bd7 (12... Qc7 13.
Rac1 Bd7 14. Ndf3 Rac8 15. c3 Rfd8 16. Rfe1 Be8 17. Bb1 Nd7 18. Nxd7 Qxd7 19.
Qc2 g6 20. Qd2 Qe7 21. Re3 a5 22. a4 Rc7 23. Rce1 Qf6 24. h4 Rb8 25. h5 b5 26.
hxg6 hxg6 27. axb5 Rxb5 28. c4 dxc4 29. bxc4 Rh5 30. g4 Rh7 31. d5 Ne7 32. Qe2
Qf4 33. Qf1 Rxc4 34. dxe6 Qh6 {0-1 (34) Vaganian,R (2577)-Lutz,C (2545)
Belgium 2011}) 13. a3 Qd6 14. Rfe1 $146 (14. Rae1 a6 15. f4 Ne7 16. g4 Bb5 17.
c4 dxc4 18. bxc4 Bc6 19. Re3 Rad8 20. Rh3 Ng6 21. g5 Ne8 22. Nb3 Ba4 23. Nc5
Bc6 24. Nb3 Ba4 25. Nc5 Bc6 26. Nb3 f5 27. gxf6 Rxf6 28. Qe2 Nf8 29. Bxh7+ Nxh7
30. Qh5 Be4 31. f5 Bxf5 32. Rxf5 Rxf5 33. Qxh7+ Kf8 34. Qh8+ Ke7 35. Qh4+ Nf6
36. Rg3 Rg8 37. Ng6+ Kd8 38. Nc5 Kc8 39. Re3 Rxc5 40. dxc5 Qxc5 41. Qf4 Ng4 {
0-1 (41) Lobron,E (2505)-Georgiev,K (2535) Wijk aan Zee 1985}) 14... Ne7 15.
Re3 a6 16. Rae1 $14 Bb5 17. c4 $1 dxc4 18. bxc4 Bc6 19. Rg3 Ng6 20. c5 $1 {
Concède la case "d5" mais les N Blancs auron également les cases fortes c4
et d6} Qc7 21. Bxg6 $1 {Un très fort coup} hxg6 22. Ndc4 $16 (22. Ndf3 {
[%cal Gf3g5]} Rad8 23. Ng5 $36) 22... Rad8 23. Nd6 Bd5 (23... Rxd6 $5) 24. Rh3
Rxd6 $1 {Probablement la meilleure chance pratique} 25. cxd6 Qxd6 26. Rc1 Nd7
27. Rc8 $6 {Spectaculaire mais pas totalement correct} (27. Qb4 {Plus simple}
Qxb4 28. axb4 {[%csl Gc1]}) 27... Nxe5 $2 (27... Rxc8 $8 28. Rh8+ Kxh8 29.
Nxf7+ Kg8 30. Nxd6 Rc6 $1 {[%csl Rd6] Probablement oublié par les deux joueurs
} 31. Nxb7 Rb6 {[%csl Gb6][%cal Gb6b2]}) 28. dxe5 Qe7 29. Rxf8+ Qxf8 30. Qd4
Qc8 31. Rc3 {La R a de l'espace et elle va dominer le B} Qd8 32. h4 Kh7 33. Kh2
Kg8 34. Rh3 Qe7 35. Qf4 a5 36. Rc3 Bc6 37. Qg4 Qd8 38. Rg3 Qd2 39. f3 (39. h5
Qxf2 40. hxg6 Qf5 41. gxf7+ Qxf7) 39... Qe3 40. Qg5 Qxa3 41. Qd8+ Kh7 42. Qc7
Kg8 43. Rg4 Qe3 44. Qxa5 Bd5 45. Qd8+ Kh7 46. Qg5 Qxg5 47. hxg5 $18 Kg8 48. Kg3
Kf8 49. Kf2 Ke7 50. Rh4 b5 51. Ke3 Kd7 52. Kd4 b4 53. Rh7 Kc6 54. Rxg7 Kb5 55.
Rxf7 Ka4 56. Rf8 1-0